000 00897nmm a2200313 a 4500
003 AR-BaBNM
005 20251128202938.0
008 147019s1964 ||||||||||||||000 | spa||
040 _cAR-BaBNM
100 1 _aSalvat, Raymundo M.
245 1 0 _aTratado de derecho civil argentino
_bparte general. 2
260 _aBuenos Aires
_bTEA
_c1964
300 1 _axxxii, 824 p.
500 0 _aIndice sistemático p. vii-xxxii
500 0 _aIndice alfabético p. 799-816
500 0 _aIndice de artículos del código civil p. 817-822
500 0 _aIndice de leyes p. 823-824
650 4 _aDERECHO CIVIL
650 4 _aHISTORIA DEL DERECHO
650 4 _aBIENES
650 4 _aACTOS JURIDICOS
650 4 _aFRAUDE
650 4 _aNULIDAD
650 4 _aLEGISLACION ARGENTINA
653 0 _aPATRIMONIO
700 1 _aLopéz Olaciregui, José María
_ecolaborador
942 _cBK
998 _cAndrea
999 _c1241
_d1241